Movies Quiz

Random Movies or Director Quiz
Score 0/15 Timer 04:00
4 Plays Today
% Correct
Scripting Hitchcock
88.8%
Terminator and Philosophy
88.3%
How Star Wars Conquered the Universe
81.2%
When Blanche Met Brando
80.6%
Western Amerykański
79.3%
How to Fight, Lie, and Cry Your Way to Popularity (and A Prom Date)
77.7%
Crab Monsters, Teenage Cavemen, and Candy Stripe Nurses
67.3%
Fast, Cheap, and Under Control
66.8%
% Correct
Keepers of the Frame
63.4%
On Story
62.4%
A Horrible Experience of Unbearable Length
62%
A Separate Cinema
59.4%
Studio Ghibli
58.2%
The New Wave
49.4%
Easy Riders, Raging Bulls
49.2%

You're not logged in!

Compare scores with friends on all Sporcle quizzes.
OR
Log In

Sporcle TV

Today on Sporcle TV


Watch our educational content, quiz creation guides, and fun videos on Sporcle TV.

Show Comments

Extras

Top Quizzes Today


Score Distribution

Paid Content

Your Account Isn't Verified!

In order to create a playlist on Sporcle, you need to verify the email address you used during registration. Go to your Sporcle Settings to finish the process.

Report this User

Report this user for behavior that violates our Community Guidelines.

Details: